[Event "NWFD Ch 2019 Men"]
[Site "St. Petersburg"]
[Date "2019.03.14"]
[Round "8.1"]
[White "Osoblivi, Grigory"]
[Black "Rudenko, Naum"]
[Result "1-0"]
[WhiteElo "2222"]
[BlackElo "2231"]
[PlyCount "83"]
[EventDate "2019.03.07"]

1. e4 c6 2. d4 d5 3. Nc3 h6 4. Nf3 Nf6 5. Bd3 Bg4 6. e5 Nfd7 7. h3 Bxf3 8. Qxf3
e6 9. Ne2 c5 10. c3 Nc6 11. O-O Qb6 12. Qg4 g5 13. Be3 O-O-O 14. Qh5 Ndxe5 15.
dxe5 Nxe5 16. Rad1 Qxb2 17. Rd2 Qb6 18. Bxg5 Bd6 19. Bxd8 Qxd8 20. f4 Nxd3 21.
Rxd3 Qf6 22. c4 d4 23. Ng3 b5 24. Ne4 Qe7 25. Nxd6+ Qxd6 26. cxb5 Kb8 27. Qe5
Rd8 28. Qxd6+ Rxd6 29. Rc1 Rd5 30. a4 f6 31. Kf2 Kc7 32. a5 e5 33. fxe5 fxe5
34. Kf3 Rd7 35. Rxc5+ Kd6 36. Rc1 Kd5 37. Rb3 e4+ 38. Ke2 Rg7 39. b6 d3+ 40.
Kf2 axb6 41. axb6 Kd6 42. Rb4 1-0

[Event "NWFD Ch 2019 Men"]
[Site "St. Petersburg"]
[Date "2019.03.14"]
[Round "8.2"]
[White "Solozhenkin, Evgeniy"]
[Black "Nesterov, Arseniy"]
[Result "0-1"]
[WhiteElo "2460"]
[BlackElo "2412"]
[PlyCount "120"]
[EventDate "2019.03.07"]

1. e4 e5 2. Nf3 Nc6 3. Nc3 Nf6 4. Bb5 Bc5 5. O-O O-O 6. Nxe5 Nxe5 7. d4 Bd6 8.
f4 Nc6 9. e5 Bb4 10. exf6 Qxf6 11. a3 Bxc3 12. bxc3 a6 13. Be2 b5 14. a4 b4 15.
Bb2 a5 16. Qd2 Ba6 17. Bxa6 Rxa6 18. d5 Ne7 19. Rab1 Qd6 20. c4 Qc5+ 21. Qd4
Qxd4+ 22. Bxd4 Nf5 23. Bc5 d6 24. Bf2 h5 25. c3 Rb8 26. Rfd1 Raa8 27. Rdc1 bxc3
28. Rb5 Rxb5 29. cxb5 Ne7 30. Rxc3 Nxd5 31. Rc6 Re8 32. Ra6 Re4 33. Rxa5 Nc3
34. Ra8+ Kh7 35. a5 Ra4 36. g3 Nxb5 37. a6 c5 38. Rb8 Nc3 39. Rb6 Ne4 40. Be1
Kg6 41. Kg2 Ra1 42. Kf1 Ra2 43. h3 f6 44. g4 hxg4 45. hxg4 f5 46. g5 Kh5 47.
Rb7 g6 48. a7 Kg4 49. Rg7 Kxf4 50. Rxg6 Rxa7 51. Rg8 Kg4 52. g6 Kg5 53. Kg2 Kh6
54. Kf3 Rg7 55. Rh8+ Kxg6 56. Kf4 Kf6 57. Bh4+ Ke6 58. Rh6+ Kd5 59. Kxf5 Rf7+
60. Kg4 c4 0-1

[Event "NWFD Ch 2019 Men"]
[Site "St. Petersburg"]
[Date "2019.03.14"]
[Round "8.3"]
[White "Gogolev, Artem"]
[Black "Rozum, Ivan"]
[Result "0-1"]
[WhiteElo "2388"]
[BlackElo "2573"]
[PlyCount "106"]
[EventDate "2019.03.07"]

1. Nf3 d6 2. d4 Nf6 3. c4 g6 4. Nc3 Bf5 5. Nh4 Bd7 6. e4 Bg7 7. Be2 O-O 8. O-O
e5 9. Nf3 Qe8 10. dxe5 dxe5 11. Be3 Na6 12. h3 b6 13. a3 Nc5 14. Qc2 Nh5 15.
Rfd1 Ne6 16. Bf1 c5 17. Nd5 Rb8 18. Qd2 Bc6 19. Bh6 Bxh6 20. Qxh6 f6 21. b4 Rf7
22. b5 Ba8 23. Qe3 Nd4 24. Nxd4 exd4 25. Qf3 f5 26. Re1 fxe4 27. Qxe4 Qxe4 28.
Rxe4 Bxd5 29. cxd5 Nf6 30. Re5 Rd7 31. Bc4 Rbd8 32. a4 Nxd5 33. a5 Kf8 34. axb6
axb6 35. Kf1 Nb4 36. Ke2 Re7 37. Rxe7 Kxe7 38. Ra7+ Rd7 39. Ra8 d3+ 40. Kd2 Rd4
41. Bg8 Re4 42. Ra7+ Kd6 43. Rxh7 Re2+ 44. Kd1 Nd5 45. Bxd5 Kxd5 46. Rb7 c4 47.
Rxb6 c3 48. Rc6 c2+ 49. Kc1 Re1+ 50. Kd2 Rd1+ 51. Ke3 c1=Q+ 52. Rxc1 Rxc1 53.
Kxd3 Rb1 0-1

[Event "NWFD Ch 2019 Men"]
[Site "St. Petersburg"]
[Date "2019.03.14"]
[Round "8.4"]
[White "Cherniaev, Alexander"]
[Black "Cherepanov, Vladislav"]
[Result "1/2-1/2"]
[WhiteElo "2405"]
[BlackElo "2302"]
[PlyCount "72"]
[EventDate "2019.03.07"]

1. e4 c5 2. Na3 b6 3. g3 Bb7 4. Bg2 Nf6 5. d3 d6 6. Nh3 e6 7. O-O Nc6 8. f4 Be7
9. c3 Qd7 10. Qe2 O-O 11. g4 h6 12. Bd2 Nh7 13. f5 exf5 14. gxf5 Rfe8 15. c4
Nd4 16. Qf2 Bf6 17. Kh1 b5 18. Rac1 bxc4 19. Nxc4 Rac8 20. Bf4 Be5 21. Bxe5
dxe5 22. Qd2 Nf6 23. Nf2 Ba6 24. Ne3 Qd6 25. Qd1 Kh7 26. b3 Red8 27. Rg1 Nc6
28. Rc2 Ne7 29. Qf3 Qb6 30. Rgc1 Bxd3 31. Nxd3 Rxd3 32. Qe2 Rd4 33. Nc4 Qc7 34.
Nb2 Qd6 35. Nc4 Qc7 36. Nb2 Nd7 1/2-1/2

[Event "NWFD Ch 2019 Men"]
[Site "St. Petersburg"]
[Date "2019.03.14"]
[Round "8.5"]
[White "Samojlov, Anton"]
[Black "Suleymanyants, Odisey"]
[Result "1-0"]
[WhiteElo "2332"]
[BlackElo "2259"]
[PlyCount "117"]
[EventDate "2019.03.07"]

1. e4 d6 2. Nc3 Nf6 3. f4 e5 4. Nf3 Nc6 5. Bb5 Bd7 6. d3 Nd4 7. Bxd7+ Qxd7 8.
Nxd4 exd4 9. Ne2 c5 10. O-O Be7 11. Qe1 h5 12. Bd2 d5 13. e5 Ng4 14. Qg3 Nh6
15. f5 Nxf5 16. Qf3 g6 17. Ng3 a5 18. Nxf5 gxf5 19. Qh3 f4 20. Qf3 Qe6 21. Bxf4
a4 22. Bd2 h4 23. c4 dxc4 24. Qxb7 Rc8 25. Qb5+ Kf8 26. dxc4 h3 27. g3 Qc6 28.
Qxc6 Rxc6 29. Rf3 Kg7 30. Raf1 f6 31. g4 Kg6 32. Re1 Rh4 33. Kf2 Re6 34. exf6
Rxe1 35. Bxe1 Bxf6 36. Bd2 Rh8 37. Bf4 Bg5 38. Bxg5 Kxg5 39. Kg3 Rb8 40. b3
axb3 41. axb3 Rd8 42. Rf5+ Kg6 43. Rd5 Rb8 44. Kxh3 Rxb3+ 45. Kh4 Rb6 46. Kg3
Rc6 47. h4 Kf7 48. g5 Ke6 49. h5 Ra6 50. Rxc5 Ra3+ 51. Kf4 Rh3 52. Re5+ Kd6 53.
Rd5+ Ke6 54. h6 d3 55. Kg4 Re3 56. Rd8 Re4+ 57. Kh5 Rxc4 58. h7 Rc1 59. Kg6 1-0

[Event "NWFD Ch 2019 Men"]
[Site "St. Petersburg"]
[Date "2019.03.14"]
[Round "8.6"]
[White "Toivonen, Alexander V"]
[Black "Semenenko, Sergey"]
[Result "1-0"]
[WhiteElo "2304"]
[BlackElo "2143"]
[PlyCount "111"]
[EventDate "2019.03.07"]

1. d4 Nf6 2. Nf3 e6 3. Bf4 c5 4. c3 Nc6 5. e3 d5 6. Nbd2 Bd6 7. Bg3 O-O 8. Bd3
b6 9. Ne5 Bb7 10. O-O Qc7 11. f4 Ne7 12. Bh4 Ne4 13. Bxe7 Qxe7 14. Nxe4 dxe4
15. Bc4 f6 16. Ng4 Kh8 17. Qe2 Rad8 18. Rad1 Bc6 19. Nf2 Rfe8 20. d5 exd5 21.
Bxd5 Bxd5 22. Rxd5 Bc7 23. Rfd1 g6 24. Qb5 Rxd5 25. Rxd5 Rd8 26. c4 f5 27. Nd1
Rxd5 28. cxd5 Qd6 29. Nc3 Kg7 30. Qa6 Bb8 31. a4 Qc7 32. Kf2 Kf7 33. Qc4 Kf8
34. a5 bxa5 35. Na4 Ke7 36. Qc3 Qd7 37. Qxc5+ Kd8 38. Qf8+ Qe8 39. Qf6+ Qe7 40.
Qh8+ Qe8 41. Qd4 Bd6 42. Nc5 Kc8 43. Qc4 Bxc5 44. Qxc5+ Kb7 45. Qxa5 Qe7 46.
Qb5+ Kc7 47. Qc6+ Kb8 48. d6 Qd8 49. b4 a5 50. Qb5+ Kc8 51. Qc5+ Kd7 52. bxa5
Qh4+ 53. Kf1 Qxh2 54. Qc7+ Ke6 55. Qe7+ Kd5 56. d7 1-0

[Event "NWFD Ch 2019 Men"]
[Site "St. Petersburg"]
[Date "2019.03.14"]
[Round "8.7"]
[White "Petrushev, Nikita"]
[Black "Skuratovich, Yakov"]
[Result "1-0"]
[WhiteElo "2238"]
[BlackElo "2101"]
[PlyCount "109"]
[EventDate "2019.03.07"]

1. e4 c5 2. Nf3 Nf6 3. e5 Nd5 4. Nc3 Nxc3 5. dxc3 e6 6. Bf4 Nc6 7. Bd3 h6 8. h4
Qc7 9. Qe2 b6 10. O-O-O Bb7 11. Nd2 d5 12. exd6 Bxd6 13. Bxd6 Qxd6 14. Qg4
O-O-O 15. Qxg7 Rhg8 16. Qxh6 Rxg2 17. Qf6 Rg4 18. h5 Rf4 19. Qg5 Rxf2 20. h6
Ne7 21. h7 Bxh1 22. Rxh1 Ng6 23. Ne4 Qf4+ 24. Qxf4 Rxf4 25. Nd6+ Kd7 26. Nxf7
Rxf7 27. Bxg6 Rff8 28. Bd3 Ke7 29. Rh6 Kf7 30. Bc4 Kg7 31. Rxe6 Kxh7 32. Re7+
Kg6 33. Rxa7 Kf6 34. a4 Ra8 35. Rb7 Rxa4 36. Rxb6+ Ke5 37. b3 Rxc4 38. bxc4 Rf4
39. Kb2 Rxc4 40. Kb3 Rh4 41. c4 Rh3+ 42. Ka4 Kd4 43. Kb5 Rh8 44. Rd6+ Ke5 45.
Rd5+ Ke6 46. Kxc5 Rc8+ 47. Kd4 Rh8 48. Kc3 Rb8 49. Rd4 Rb7 50. c5 Rc7 51. Kc4
Rc8 52. Kb5 Rb8+ 53. Kc6 Rb2 54. Re4+ Kf5 55. Re2 1-0

[Event "NWFD Ch 2019 Men"]
[Site "St. Petersburg"]
[Date "2019.03.14"]
[Round "8.8"]
[White "Makarov, Leonid"]
[Black "Nekipelov, Dimitry"]
[Result "1/2-1/2"]
[WhiteElo "2097"]
[BlackElo "2197"]
[PlyCount "22"]
[EventDate "2019.03.07"]

1. d4 Nf6 2. Bf4 d5 3. e3 Bf5 4. c4 c6 5. Nc3 e6 6. Qb3 Qb6 7. c5 Qxb3 8. axb3
Nbd7 9. b4 Be7 10. h3 Ne4 11. Nf3 f6 1/2-1/2

[Event "NWFD Ch 2019 Men"]
[Site "St. Petersburg"]
[Date "2019.03.14"]
[Round "8.9"]
[White "Mironov, Vadim"]
[Black "Starkov, Valery"]
[Result "1-0"]
[WhiteElo "2181"]
[BlackElo "2048"]
[PlyCount "61"]
[EventDate "2019.03.07"]

1. e4 e5 2. Nf3 Nf6 3. Nxe5 d6 4. Nf3 Nxe4 5. Qe2 Qe7 6. d3 Nf6 7. Bg5 Qxe2+ 8.
Bxe2 Be7 9. Nc3 c6 10. O-O-O Na6 11. Rde1 Nc7 12. Bd1 Be6 13. Nd4 O-O-O 14. Ne4
Rde8 15. Bxf6 gxf6 16. Bh5 Reg8 17. Ng3 Bf8 18. Nxe6 fxe6 19. Bf7 Rg5 20. Bxe6+
Nxe6 21. Rxe6 h5 22. Rg1 Rhg8 23. Rxf6 d5 24. Nf5 Rxg2 25. Rxg2 Rxg2 26. Rxf8+
Kc7 27. Rf7+ Kb6 28. Nd6 Rxh2 29. b4 h4 30. Rxb7+ Ka6 31. a4 1-0

[Event "NWFD Ch 2019 Men"]
[Site "St. Petersburg"]
[Date "2019.03.14"]
[Round "8.10"]
[White "Kuznetsov, Mikhail"]
[Black "Radkov, Bazhen D"]
[Result "0-1"]
[WhiteElo "1895"]
[BlackElo "2150"]
[PlyCount "90"]
[EventDate "2019.03.07"]

1. d4 Nf6 2. c4 g6 3. g3 Bg7 4. Bg2 O-O 5. Nc3 d6 6. Nf3 Nbd7 7. O-O e5 8. dxe5
dxe5 9. Qc2 c6 10. e4 Qe7 11. h3 Nc5 12. Be3 Nfd7 13. Rad1 Ne6 14. Qc1 f5 15.
exf5 gxf5 16. Rfe1 e4 17. Nd4 Ne5 18. Nxf5 Rxf5 19. Nxe4 Nf3+ 20. Bxf3 Rxf3 21.
Qd2 b6 22. b3 Bb7 23. Bg5 Qc7 24. Nf6+ Bxf6 25. Rxe6 Bc3 26. Qe2 c5 27. Bf4
Rxf4 28. gxf4 Kf7 29. Rd5 Bxd5 30. cxd5 Bf6 31. Qh5+ Kg7 32. Qg4+ Kh8 33. Qf5
Bd4 34. Kf1 Qg7 35. Qe4 Rg8 36. Ke2 Qg1 37. Qf3 Rg2 38. Re8+ Kg7 39. Re7+ Kf8
40. Re3 Bxe3 41. Qxe3 Rg7 42. d6 Qg6 43. Qe5 Rd7 44. f5 Qe8 45. f4 Rxd6 0-1

[Event "NWFD Ch 2019 Men"]
[Site "St. Petersburg"]
[Date "2019.03.14"]
[Round "8.11"]
[White "Arkhipov, Vladislav"]
[Black "Shpak, Alexandr"]
[Result "1-0"]
[WhiteElo "2019"]
[BlackElo "2141"]
[PlyCount "75"]
[EventDate "2019.03.07"]

1. e4 c6 2. d4 d5 3. exd5 cxd5 4. Bd3 Nc6 5. c3 Nf6 6. h3 Qc7 7. Nf3 g6 8. Qc2
Nh5 9. O-O Nf4 10. Bxf4 Qxf4 11. Qb3 e6 12. c4 dxc4 13. Bxc4 Bd6 14. g3 Qf6 15.
d5 exd5 16. Bxd5 O-O 17. Nc3 Ne5 18. Nxe5 Bxe5 19. Bg2 Bxc3 20. bxc3 Rb8 21.
Rab1 Bf5 22. Rb2 Rfc8 23. Rc1 b6 24. Re2 Rc5 25. c4 Rbc8 26. Rce1 Rxc4 27. Qa3
Kg7 28. Qxa7 R4c7 29. Qa3 Be6 30. Qb2 b5 31. Qxf6+ Kxf6 32. Rb2 Rc1 33. Rxc1
Rxc1+ 34. Kh2 Bc4 35. Bc6 Bxa2 36. Bxb5 Bd5 37. f3 Rf1 38. Bxf1 1-0

[Event "NWFD Ch 2019 Men"]
[Site "St. Petersburg"]
[Date "2019.03.14"]
[Round "8.12"]
[White "Gashev, Matvei"]
[Black "Zaykov, Sergey"]
[Result "1/2-1/2"]
[WhiteElo "1806"]
[BlackElo "2138"]
[PlyCount "97"]
[EventDate "2019.03.07"]

1. d4 d5 2. c4 c6 3. Nf3 f5 4. Bf4 e6 5. e3 Nf6 6. Nc3 Be7 7. Bd3 O-O 8. Qc2
Na6 9. a3 Bd7 10. Qb3 Qc8 11. Rc1 Nc7 12. cxd5 Ncxd5 13. O-O Nxf4 14. exf4 Nd5
15. g3 Qb8 16. Bc4 Qd6 17. Ne5 Rab8 18. Rfe1 Bf6 19. Bxd5 exd5 20. Qb4 Qxb4 21.
axb4 Be8 22. Ra1 Bd8 23. Na4 b6 24. b5 c5 25. dxc5 Bxb5 26. cxb6 Bxb6 27. Nxb6
axb6 28. Red1 Rfd8 29. Rd4 Rd6 30. Ra7 Rc8 31. Rf7 Rf6 32. Rb7 Ba6 33. Ra7 Bc4
34. Nxc4 dxc4 35. Rdd7 Rg6 36. Rf7 Rc5 37. Rfc7 Rxc7 38. Rxc7 b5 39. Rb7 Rc6
40. Rxb5 g6 41. Kg2 c3 42. bxc3 Rxc3 43. Rb7 Ra3 44. f3 Ra2+ 45. Kh3 Rf2 46.
Rb3 Kg7 47. Rb7+ Kg8 48. Kh4 h6 49. Kh3 1/2-1/2

[Event "NWFD Ch 2019 Men"]
[Site "St. Petersburg"]
[Date "2019.03.14"]
[Round "8.13"]
[White "Osetrov, Dmitrij"]
[Black "Zhuravlev, Aleksandr"]
[Result "0-1"]
[WhiteElo "1775"]
[BlackElo "2021"]
[PlyCount "102"]
[EventDate "2019.03.07"]

1. d4 Nf6 2. c4 e6 3. g3 d5 4. Nf3 c6 5. Bg2 Bd6 6. O-O Nbd7 7. Qc2 O-O 8. b3
e5 9. dxe5 Nxe5 10. Bb2 Qe7 11. Nbd2 Bg4 12. Rfe1 Rfe8 13. Nd4 dxc4 14. bxc4
Bb4 15. Rad1 Rad8 16. h3 Bc8 17. f4 Bxd2 18. Rxd2 Nxc4 19. Rd3 Nxb2 20. Qxb2 c5
21. Nf3 Rxd3 22. exd3 Qd8 23. Rxe8+ Nxe8 24. Qe5 b6 25. Qb8 Qc7 26. Qxc7 Nxc7
27. Ne5 Kf8 28. a4 f6 29. Nc4 Ke7 30. Kf2 Be6 31. Nb2 b5 32. axb5 Nxb5 33. g4
Nd4 34. Ke3 Bb3 35. Be4 h6 36. Nc4 Bxc4 37. dxc4 a5 38. Kd2 g5 39. fxg5 fxg5
40. Bg2 Kd6 41. Kc3 Ke5 42. Kb2 a4 43. Ka3 Nc2+ 44. Kxa4 Ne3 45. Bf3 Nxc4 46.
Kb5 Kd4 47. Bd1 Ne3 48. Ba4 c4 49. Kc6 Ke5 50. Kd7 c3 51. Ke7 Kf4 0-1

[Event "NWFD Ch 2019 Men"]
[Site "St. Petersburg"]
[Date "2019.03.14"]
[Round "8.14"]
[White "Karalkin, Maksim"]
[Black "Zasypkin, Alexey"]
[Result "1/2-1/2"]
[WhiteElo "2174"]
[BlackElo "2184"]
[PlyCount "103"]
[EventDate "2019.03.07"]

1. e4 c5 2. Nf3 e6 3. c3 d5 4. exd5 Qxd5 5. d4 Nf6 6. Na3 a6 7. Nc4 Nbd7 8. Bd3
cxd4 9. cxd4 Bb4+ 10. Bd2 Bxd2+ 11. Qxd2 O-O 12. O-O b5 13. Nce5 Bb7 14. a4
Rad8 15. Rfd1 Ne4 16. Qe3 f5 17. axb5 Nxe5 18. dxe5 axb5 19. Be2 f4 20. Qb6 Qc5
21. Qxc5 Nxc5 22. Rxd8 Rxd8 23. Rc1 Nb3 24. Rc7 Bxf3 25. Bxf3 Rd2 26. h4 Nd4
27. Bg4 Rxb2 28. Rd7 Nf5 29. Bxf5 exf5 30. e6 Kf8 31. Rf7+ Ke8 32. Rxg7 Rb1+
33. Kh2 h6 34. Rf7 f3 35. gxf3 b4 36. Rxf5 Ke7 37. Rb5 Kxe6 38. Rb6+ Kd5 39.
Rxh6 b3 40. Rb6 Kc5 41. Rb7 Kc4 42. h5 Re1 43. Kg3 Kc3 44. Kg4 b2 45. Kg5 b1=Q
46. Rxb1 Rxb1 47. h6 Kd4 48. f4 Kd5 49. Kf6 Rh1 50. Kg7 Rg1+ 51. Kf7 Rh1 52.
Kg7 1/2-1/2

[Event "NWFD Ch 2019 Men"]
[Site "St. Petersburg"]
[Date "2019.03.14"]
[Round "8.15"]
[White "Ivanov, Rodion"]
[Black "Ufimtsev, Egor"]
[Result "1-0"]
[WhiteElo "1941"]
[BlackElo "2148"]
[PlyCount "101"]
[EventDate "2019.03.07"]

1. e4 c5 2. c3 d5 3. exd5 Qxd5 4. d4 Nc6 5. Nf3 Bf5 6. Be2 cxd4 7. cxd4 O-O-O
8. Nc3 Qa5 9. Bd2 e6 10. a3 Nf6 11. O-O Nxd4 12. Nxd4 Rxd4 13. Rc1 Bc5 14. Ne4
Nxe4 15. Bxa5 Rxd1 16. Rfxd1 Kb8 17. Bf3 Bxf2+ 18. Kf1 Be3 19. Rc4 Nf6 20. Bc7+
Ka8 21. Rb4 Nd5 22. Bxd5 exd5 23. Rxd5 Be6 24. Re5 Bh6 25. Reb5 b6 26. Bf4 Bxf4
27. Rxf4 Rc8 28. Kf2 Rc2+ 29. Kg3 Kb7 30. Rf2 Rc4 31. Rb4 Rc5 32. Rh4 h6 33.
Re4 Kc6 34. h4 Kd6 35. Rd2+ Ke7 36. Kf4 g5+ 37. Ke3 f5 38. Ra4 a5 39. Rad4 b5
40. Rd8 Rc4 41. R8d4 Rc1 42. Rd8 Rc4 43. R8d4 Rc1 44. g3 Rh1 45. Kf3 a4 46. Re2
Rc1 47. Re5 Kf6 48. Rxb5 f4 49. Rxa4 fxg3 50. hxg5+ hxg5 51. Ra6 1-0

[Event "NWFD Ch 2019 Men"]
[Site "St. Petersburg"]
[Date "2019.03.14"]
[Round "8.16"]
[White "Shoshin, Kirill"]
[Black "Krasovskiy, Sviatoslav"]
[Result "0-1"]
[WhiteElo "1811"]
[BlackElo "2145"]
[PlyCount "62"]
[EventDate "2019.03.07"]

1. d4 Nf6 2. Bg5 e6 3. e4 h6 4. Bxf6 Qxf6 5. Nc3 g6 6. Nf3 Bg7 7. Bd3 d6 8. O-O
O-O 9. e5 Qe7 10. Qe2 b6 11. Qe4 d5 12. Qg4 Ba6 13. h4 Bxd3 14. cxd3 h5 15. Qg5
Qxg5 16. hxg5 c5 17. dxc5 bxc5 18. Rfe1 Nd7 19. Rac1 Rab8 20. b3 Rfc8 21. Na4
Bf8 22. Nd2 Rb4 23. g3 Rg4 24. Kg2 h4 25. Kh3 Rxg5 26. gxh4 Rxe5 27. Rxe5 Nxe5
28. d4 Nd3 29. Rc3 Nf4+ 30. Kg4 Ne2 31. Rd3 Nxd4 0-1

[Event "NWFD Ch 2019 Men"]
[Site "St. Petersburg"]
[Date "2019.03.14"]
[Round "8.17"]
[White "Bratus, Petr P"]
[Black "Pozdeev, Dmitry"]
[Result "1-0"]
[WhiteElo "2097"]
[BlackElo "1370"]
[PlyCount "61"]
[EventDate "2019.03.07"]

1. d4 Nf6 2. Nf3 e6 3. c4 b6 4. g3 Ba6 5. b3 b5 6. cxb5 Bxb5 7. Bg2 Bb4+ 8. Bd2
a5 9. O-O O-O 10. a3 Be7 11. Nc3 Bc6 12. Qc2 d5 13. Ne5 Bb7 14. Na4 Nfd7 15.
Nd3 Ba6 16. Rfc1 Bxd3 17. Qxd3 Bd6 18. e4 c6 19. e5 Bc7 20. Bf1 f6 21. f4 Qe8
22. Qe3 Nb6 23. Nc5 N8d7 24. Nd3 Ra7 25. a4 Nc8 26. Bh3 Ra6 27. Qe2 Bb6 28. Be3
c5 29. Nxc5 Ra7 30. Bxe6+ Kh8 31. Bxd7 1-0

[Event "NWFD Ch 2019 Men"]
[Site "St. Petersburg"]
[Date "2019.03.14"]
[Round "8.18"]
[White "Balakin, Vadim"]
[Black "Yarosh, Ruslan"]
[Result "1/2-1/2"]
[WhiteElo "2072"]
[BlackElo "1977"]
[PlyCount "42"]
[EventDate "2019.03.07"]

1. e4 d5 2. exd5 Qxd5 3. Nc3 Qd8 4. d4 Nf6 5. Nf3 Bg4 6. h3 Bxf3 7. Qxf3 c6 8.
Be3 e6 9. Bd3 Nbd7 10. O-O Bd6 11. Rfe1 O-O 12. Ne4 Nxe4 13. Qxe4 Nf6 14. Qh4
g6 15. Bg5 Be7 16. Re5 Re8 17. Rae1 Nd7 18. Bxe7 Qxe7 19. Qxe7 Rxe7 20. R5e3
Nf6 21. c3 Rd8 1/2-1/2

[Event "NWFD Ch 2019 Men"]
[Site "St. Petersburg"]
[Date "2019.03.14"]
[Round "8.19"]
[White "Lvov, Nikita"]
[Black "Ponikarovsky, Alexey"]
[Result "1/2-1/2"]
[WhiteElo "1936"]
[BlackElo "1991"]
[PlyCount "138"]
[EventDate "2019.03.07"]

1. d4 d5 2. c4 e6 3. Nf3 Nf6 4. g3 dxc4 5. Qa4+ Nbd7 6. Bg2 c5 7. Qxc4 a6 8.
Qc2 cxd4 9. Nxd4 Bc5 10. Nb3 Bb4+ 11. Bd2 Bxd2+ 12. Qxd2 O-O 13. O-O Nb6 14.
Qxd8 Rxd8 15. Nc3 Rb8 16. Na5 Kf8 17. Rfd1 Rxd1+ 18. Rxd1 Ke8 19. f4 Ke7 20.
Rd4 Ke8 21. e4 e5 22. fxe5 Ng4 23. Rb4 Nd7 24. e6 fxe6 25. Bh3 h5 26. Bxg4 hxg4
27. Nd1 Ne5 28. Nc4 Nc6 29. Rb6 Ke7 30. e5 Bd7 31. Nde3 Nd4 32. Nxg4 Rc8 33. b3
Bc6 34. Kf2 Rf8+ 35. Ke3 Nb5 36. Kd3 Kd7 37. a4 Nc7 38. Rb4 Nd5 39. Nb6+ Nxb6
40. Rxb6 a5 41. b4 axb4 42. Rxb4 Ra8 43. Ne3 Rxa4 44. Rxa4 Bxa4 45. Kd4 Bc6 46.
h4 Bf3 47. Nc4 Kc6 48. Nd6 Bh5 49. Ne4 b5 50. Nf2 Be2 51. Nh3 Kb6 52. Nf4 Bg4
53. Nd3 Ka5 54. Kc5 Be2 55. Nb4 Ka4 56. Nc6 Bg4 57. Nb4 Bf3 58. Na2 Kb3 59. Nb4
Be2 60. Nc6 Kc3 61. g4 Bxg4 62. Kxb5 Kd3 63. Kc5 Ke4 64. Kd6 Kf4 65. Nd8 g6 66.
Nxe6+ Kg3 67. Nf8 Bf5 68. e6 Bxe6 69. Kxe6 Kxh4 1/2-1/2

[Event "NWFD Ch 2019 Men"]
[Site "St. Petersburg"]
[Date "2019.03.14"]
[Round "8.20"]
[White "Rumiantsev, Rafail"]
[Black "Iurtsius, Sergei"]
[Result "1-0"]
[WhiteElo "1982"]
[BlackElo "1841"]
[PlyCount "77"]
[EventDate "2019.03.07"]

1. e4 c5 2. Nc3 Nc6 3. f4 e6 4. Nf3 d5 5. Bb5 Nf6 6. Bxc6+ bxc6 7. e5 Nd7 8. d3
Be7 9. O-O O-O 10. Qe1 Qb6 11. Nd1 Ba6 12. Rf2 c4 13. d4 c5 14. c3 Qa5 15. Be3
Rab8 16. Rd2 cxd4 17. Nxd4 Rfc8 18. Qg3 Nc5 19. Nf2 Qd8 20. Qg4 g6 21. Rf1 Na4
22. Nd1 h5 23. Qh3 Bc5 24. g4 hxg4 25. Qxg4 Bxd4 26. Bxd4 Rc6 27. h4 Qf8 28.
Rg2 Qg7 29. h5 Rb7 30. Rf3 Kf8 31. hxg6 fxg6 32. Rfg3 Rf7 33. Rh3 Bc8 34. Rgh2
Ke8 35. Ne3 Nc5 36. Rh8+ Rf8 37. R8h7 Qg8 38. Qg5 Rf7 39. Rh8 1-0

[Event "NWFD Ch 2019 Men"]
[Site "St. Petersburg"]
[Date "2019.03.14"]
[Round "8.21"]
[White "Andronov, Mikhail G"]
[Black "Mikhailov, Stepan"]
[Result "1-0"]
[WhiteElo "2187"]
[BlackElo "1958"]
[PlyCount "67"]
[EventDate "2019.03.07"]

1. e4 c5 2. c3 e6 3. d4 cxd4 4. cxd4 d6 5. Nc3 Nf6 6. Nf3 Be7 7. Bd3 Nbd7 8.
O-O O-O 9. Qe2 e5 10. h3 h6 11. Be3 b6 12. Nd2 exd4 13. Bxd4 Nc5 14. Bc2 Ba6
15. Nc4 d5 16. exd5 Nxd5 17. Bxg7 Kxg7 18. Rfd1 Bb7 19. Qg4+ Bg5 20. Qf5 Rh8
21. Nxd5 Bxd5 22. Rxd5 Qf6 23. Nd6 Qxf5 24. Nxf5+ Kf8 25. Rad1 Rg8 26. f4 Bf6
27. Rd6 Ne6 28. Nxh6 Rh8 29. Nxf7 Kxf7 30. Bb3 Rad8 31. Bxe6+ Ke7 32. Rxd8 Rxd8
33. Rxd8 Kxd8 34. b3 1-0

[Event "NWFD Ch 2019 Men"]
[Site "St. Petersburg"]
[Date "2019.03.14"]
[Round "8.22"]
[White "Napalkov, Vladimir"]
[Black "Petrov, Alexandr"]
[Result "1-0"]
[WhiteElo "2034"]
[BlackElo "1793"]
[PlyCount "49"]
[EventDate "2019.03.07"]

1. d4 Nf6 2. c4 c5 3. d5 d6 4. Nc3 g6 5. e4 Bg7 6. Nge2 O-O 7. Ng3 e6 8. Be2
exd5 9. cxd5 a6 10. a4 h5 11. Bg5 Re8 12. O-O Nbd7 13. Qc2 Rb8 14. f4 Qc7 15.
e5 dxe5 16. f5 Nh7 17. fxg6 Nxg5 18. gxf7+ Nxf7 19. Rxf7 Kxf7 20. Qh7 Nf6 21.
Rf1 Bg4 22. Nxh5 Bxh5 23. Bxh5+ Ke7 24. Qxg7+ Kd8 25. Qxf6+ 1-0

[Event "NWFD Ch 2019 Men"]
[Site "St. Petersburg"]
[Date "2019.03.14"]
[Round "8.23"]
[White "Chuklin, Alexey"]
[Black "Schetchikov, Vladimir"]
[Result "0-1"]
[WhiteElo "1875"]
[BlackElo "1814"]
[PlyCount "102"]
[EventDate "2019.03.07"]

1. d4 Nf6 2. c4 e6 3. Bg5 h6 4. Bh4 b6 5. Nc3 Bb4 6. a3 Bxc3+ 7. bxc3 Bb7 8.
Qc2 d6 9. f3 Nbd7 10. e4 e5 11. d5 Nc5 12. Ne2 Bc8 13. Nc1 Bd7 14. Nd3 Ba4 15.
Qb2 Nxd3+ 16. Bxd3 g5 17. Bf2 Qd7 18. h3 Ke7 19. Be3 Nh5 20. g4 Nf4 21. Bxf4
gxf4 22. h4 f6 23. Kf2 c6 24. Rab1 Rac8 25. Qb4 c5 26. Qb2 h5 27. Rbg1 Rcg8 28.
Qe2 Qc8 29. Rh2 Bd7 30. g5 fxg5 31. hxg5 h4 32. Ke1 h3 33. Qf2 Rg6 34. Bf1 Rh5
35. Kd1 Qg8 36. Rgh1 Rhxg5 37. Bxh3 Bxh3 38. Rxh3 Rg1+ 39. Ke2 R1g2 40. Kf1
Rxf2+ 41. Kxf2 Rg2+ 42. Kf1 Rg7 43. Rh6 Qc8 44. Re6+ Kd7 45. Rhh6 Qa6 46. Rxd6+
Kc7 47. Rc6+ Kb7 48. Rcg6 Qxc4+ 49. Kf2 Rxg6 50. Rxg6 Qxc3 51. Rg7+ Ka6 0-1

[Event "NWFD Ch 2019 Men"]
[Site "St. Petersburg"]
[Date "2019.03.14"]
[Round "8.24"]
[White "Maslyakov, Ivan"]
[Black "Poklonskiy, Nikolay"]
[Result "1-0"]
[WhiteElo "1741"]
[BlackElo "1757"]
[PlyCount "77"]
[EventDate "2019.03.07"]

1. e4 e5 2. Nf3 Nc6 3. Bb5 a6 4. Ba4 Nf6 5. O-O d6 6. c3 Be7 7. Re1 b5 8. Bb3
O-O 9. d4 exd4 10. cxd4 Re8 11. h3 h6 12. Nc3 Bb7 13. a3 Bf8 14. Nh4 Na5 15. e5
Nxb3 16. Qxb3 Nd5 17. Nxd5 Bxd5 18. Qxd5 Qxh4 19. Re4 Qe7 20. Bf4 Qe6 21. Qxe6
fxe6 22. Rc1 c5 23. exd6 c4 24. Rce1 Rad8 25. Rxe6 Rxe6 26. Rxe6 Kf7 27. Re4
Bxd6 28. Bxd6 Rxd6 29. Kf1 Rd5 30. Ke2 a5 31. Re5 Rxd4 32. Rxb5 Rd3 33. a4 g5
34. Rxa5 Rb3 35. Rb5 Rd3 36. a5 h5 37. a6 Rd8 38. a7 Ra8 39. Ra5 1-0

[Event "NWFD Ch 2019 Men"]
[Site "St. Petersburg"]
[Date "2019.03.14"]
[Round "8.25"]
[White "Nikitin, Vladimir"]
[Black "Trushnikov, Viacheslav"]
[Result "1-0"]
[WhiteElo "1817"]
[BlackElo "1734"]
[PlyCount "85"]
[EventDate "2019.03.07"]

1. e4 c5 2. Nf3 Nc6 3. Bb5 Qb6 4. a4 a6 5. Bc4 d6 6. O-O Nf6 7. d3 g6 8. Ng5
Ne5 9. a5 Qc7 10. Bb3 h6 11. f4 hxg5 12. fxe5 dxe5 13. Bxg5 Bg7 14. Nc3 Qd6 15.
Qf3 Be6 16. Bxe6 fxe6 17. Be3 Bh6 18. Bf2 Bf4 19. g3 Bd2 20. Na4 Rc8 21. Nb6
Qc7 22. Nxc8 Qxc8 23. Be3 Bxe3+ 24. Qxe3 c4 25. Qg5 Qc5+ 26. Kg2 cxd3 27. Qxg6+
Kd7 28. c3 Qe3 29. Rxf6 Rxh2+ 30. Kxh2 Qe2+ 31. Kh3 exf6 32. Qg4 Qe3 33. Qg7+
Kd6 34. Qf8+ Kd7 35. Qf7+ Kd6 36. Qxf6 Qxe4 37. Qd8+ Kc6 38. Qb6+ Kd7 39. Rf1
Qc6 40. Qb4 Kc7 41. Qf8 Qd5 42. Rf7+ Kc6 43. Qe8+ 1-0